000
00288nam a22001217a 4500
008
190205b xxu||||| |||| 00| 0 eng d
041
_a
eng
080
_2
3rd
_a
821
100
_a
21
101
_a
GJL
245
_a
The Norton Anthology of English Literature
_c
Abrams,M,H
942
_2
udc
_c
BK
999
_c
54067
_d
54067